000 00668nam a2200289Ia 4500
005 20260324150658.0
008 008 260324s9999 xx 000 0 eng d
020 _a9781003135326
037 _aEBOOK
040 _aCRL
040 _beng
040 _cCRL
041 _2eng
041 _aeng
084 _qCRL
100 _aJu-K'ang Tien
_91227233
245 4 _aThe Chinese of Sarawak
245 2 _bA Study of Social Structure
260 _bTaylor and Francis
260 _c1953
365 _a
365 _b180
856 _uhttp://www.taylorfrancis.com/books/9781003135326
942 _cEBOOK
999 _c1837126
_d1837126